=LDR 00000nam 2200000 4500 =001 INLIS000000000049693 =005 20200910084411 =035 ##$$a 0010-031700000000138 =008 200910################g##########0#ind## =040 ##$$a NBPDMAT =082 ##$$a 304 2 =084 ##$$a 304 2 SET e =100 ##$$a Setiawan =245 1#$$a Ekologi : $b kehidupan dan pembangunan /$c Setiawan =260 ##$$a Surakarta :$b Aryhaeko Sinergi Persada,$c 2014 =300 ##$$a ii, 116 hlm . : $b ilus , ; $c 21x 14 cm =500 ##$$a Biliografi : hlm. 116 =650 #4$$a Ekologi =990 ##$$a 21603200 =990 ##$$a 21603201 =990 ##$$a 21603202 =990 ##$$a 21603203 =990 ##$$a 21603204